[Event "DEM U12 2021"]
[Site "Willingen GER"]
[Date "2021.08.26"]
[Round "6"]
[White "Schuricht, Emil Frederick"]
[Black "Sommer, Justus"]
[Result "1/2-1/2"]
[Termination "normal"]
[Board "5"]
[WhiteElo "1422"]
[BlackElo "1790"]
[WhiteClock "00:41:45"]
[BlackClock "00:15:11"]
[PlyCount "63"]
[WhiteFideId "16270185"]
[BlackFideId "16245008"]
[EventCountry "GER"]
[EventRounds "9"]
[EventType "swiss"]
[EventDate "2021.08.22"]

1. d4 {[%clk 01:30:53]} {[%emt 00:00:06]} Nf6 {[%clk 01:30:32]} {[%emt
00:00:28]} 2. c4 {[%clk 01:31:20]} {[%emt 00:00:05]} e6 {[%clk 01:30:52]}
{[%emt 00:00:08]} 3. Nc3 {[%clk 01:31:48]} {[%emt 00:00:03]} d5 {[%clk
01:31:07]} {[%emt 00:00:15]} 4. cxd5 {[%clk 01:32:15]} {[%emt 00:00:04]} Nxd5
{[%clk 01:31:20]} {[%emt 00:00:17]} 5. e4 {[%clk 01:32:37]} {[%emt 00:00:08]}
Nxc3 {[%clk 01:31:40]} {[%emt 00:00:10]} 6. bxc3 {[%clk 01:33:02]} {[%emt
00:00:05]} c5 {[%clk 01:31:56]} {[%emt 00:00:14]} 7. Nf3 {[%clk 01:33:07]}
{[%emt 00:00:25]} cxd4 {[%clk 01:32:16]} {[%emt 00:00:11]} 8. cxd4 {[%clk
01:33:27]} {[%emt 00:00:10]} Bb4+ {[%clk 01:32:08]} {[%emt 00:00:37]} 9. Bd2
{[%clk 01:33:49]} {[%emt 00:00:08]} Bxd2+ {[%clk 01:32:30]} {[%emt 00:00:08]}
10. Qxd2 {[%clk 01:34:13]} {[%emt 00:00:07]} O-O {[%clk 01:32:43]} {[%emt
00:00:15]} 11. Bc4 {[%clk 01:33:47]} {[%emt 00:00:58]} b6 {[%clk 01:32:23]}
{[%emt 00:00:49]} 12. O-O {[%clk 01:33:57]} {[%emt 00:00:19]} Bb7 {[%clk
01:32:38]} {[%emt 00:00:14]} 13. Qe2 {[%clk 01:32:01]} {[%emt 00:02:28]} Nd7
{[%clk 01:29:03]} {[%emt 00:04:04]} 14. Rac1 {[%clk 01:30:43]} {[%emt
00:01:50]} Rc8 {[%clk 01:28:18]} {[%emt 00:01:14]} 15. Rfd1 {[%clk 01:29:32]}
{[%emt 00:01:41]} Re8 {[%clk 01:25:04]} {[%emt 00:03:44]} 16. Nd2 {[%clk
01:25:42]} {[%emt 00:04:20]} Qf6 {[%clk 01:23:00]} {[%emt 00:02:33]} 17. Nf1
{[%clk 01:24:34]} {[%emt 00:01:38]} Nf8 {[%clk 01:19:59]} {[%emt 00:03:31]} 18.
f3 {[%clk 01:20:00]} {[%emt 00:05:05]} Ng6 {[%clk 01:16:41]} {[%emt 00:03:47]}
19. g3 {[%clk 01:15:16]} {[%emt 00:05:15]} h5 {[%clk 01:11:12]} {[%emt
00:05:59]} 20. h4 {[%clk 01:12:23]} {[%emt 00:03:24]} Rc7 {[%clk 01:07:54]}
{[%emt 00:03:48]} 21. Ne3 {[%clk 01:03:24]} {[%emt 00:09:27]} Ne7 {[%clk
00:56:45]} {[%emt 00:11:40]} 22. Rc2 {[%clk 00:58:13]} {[%emt 00:05:43]} Kh8
{[%clk 00:43:54]} {[%emt 00:13:21]} 23. Rcd2 {[%clk 00:56:30]} {[%emt
00:02:13]} g5 {[%clk 00:39:07]} {[%emt 00:05:17]} 24. d5 {[%clk 00:56:21]}
{[%emt 00:00:39]} exd5 {[%clk 00:38:42]} {[%emt 00:00:54]} 25. Nxd5 {[%clk
00:51:06]} {[%emt 00:05:44]} Nxd5 {[%clk 00:37:30]} {[%emt 00:01:42]} 26. Bxd5
{[%clk 00:51:24]} {[%emt 00:00:12]} gxh4 {[%clk 00:36:50]} {[%emt 00:01:10]}
27. Bxb7 {[%clk 00:51:27]} {[%emt 00:00:27]} Rxb7 {[%clk 00:36:57]} {[%emt
00:00:23]} 28. Qb5 {[%clk 00:51:33]} {[%emt 00:00:24]} Re5 {[%clk 00:31:46]}
{[%emt 00:05:41]} 29. Rd5 {[%clk 00:49:22]} {[%emt 00:02:42]} Rbe7 {[%clk
00:31:09]} {[%emt 00:01:07]} 30. f4 {[%clk 00:46:26]} {[%emt 00:03:26]} Rxd5
{[%clk 00:23:39]} {[%emt 00:08:00]} 31. Qxd5 {[%clk 00:42:32]} {[%emt
00:04:24]} Qg6 {[%clk 00:15:11]} {[%emt 00:08:58]} 32. Qd8+ {[%clk 00:41:45]}
{[%emt 00:01:17]} 1/2-1/2

[Event "DEM U12 2021"]
[Site "Willingen GER"]
[Date "2021.08.26"]
[Round "6"]
[White "Dordevic, Tom"]
[Black "Shkundin, Maximilian"]
[Result "1-0"]
[Termination "normal"]
[Board "6"]
[WhiteElo "1594"]
[BlackElo "1263"]
[WhiteClock "00:06:03"]
[BlackClock "00:09:16"]
[PlyCount "77"]
[WhiteFideId "16260503"]
[BlackFideId "16287258"]
[EventCountry "GER"]
[EventRounds "9"]
[EventType "swiss"]
[EventDate "2021.08.22"]

1. Nf3 {[%clk 01:30:50]} {[%emt 00:00:09]} Nf6 {[%clk 01:30:44]} {[%emt
00:00:16]} 2. g3 {[%clk 01:31:13]} {[%emt 00:00:07]} g6 {[%clk 01:31:06]}
{[%emt 00:00:07]} 3. Bg2 {[%clk 01:31:38]} {[%emt 00:00:05]} Bg7 {[%clk
01:31:26]} {[%emt 00:00:10]} 4. O-O {[%clk 01:32:00]} {[%emt 00:00:09]} O-O
{[%clk 01:31:48]} {[%emt 00:00:07]} 5. c4 {[%clk 01:32:17]} {[%emt 00:00:14]}
d6 {[%clk 01:32:04]} {[%emt 00:00:14]} 6. Nc3 {[%clk 01:32:35]} {[%emt
00:00:13]} c6 {[%clk 01:32:15]} {[%emt 00:00:18]} 7. d3 {[%clk 01:32:23]}
{[%emt 00:00:42]} e5 {[%clk 01:30:16]} {[%emt 00:02:28]} 8. Rb1 {[%clk
01:32:29]} {[%emt 00:00:24]} a5 {[%clk 01:30:16]} {[%emt 00:00:31]} 9. a3
{[%clk 01:32:44]} {[%emt 00:00:16]} Nbd7 {[%clk 01:26:36]} {[%emt 00:04:08]}
10. b4 {[%clk 01:32:16]} {[%emt 00:00:59]} axb4 {[%clk 01:26:08]} {[%emt
00:00:58]} 11. axb4 {[%clk 01:32:36]} {[%emt 00:00:10]} Re8 {[%clk 01:25:44]}
{[%emt 00:00:53]} 12. Qc2 {[%clk 01:29:13]} {[%emt 00:03:53]} Nb6 {[%clk
01:24:35]} {[%emt 00:01:37]} 13. b5 {[%clk 01:22:33]} {[%emt 00:07:13]} c5
{[%clk 01:21:07]} {[%emt 00:03:57]} 14. Nd2 {[%clk 01:19:01]} {[%emt 00:04:02]}
Nh5 {[%clk 01:18:40]} {[%emt 00:02:56]} 15. Bb2 {[%clk 01:14:05]} {[%emt
00:05:27]} f5 {[%clk 01:17:00]} {[%emt 00:02:10]} 16. Ra1 {[%clk 01:12:22]}
{[%emt 00:02:14]} Rxa1 {[%clk 01:13:36]} {[%emt 00:03:55]} 17. Rxa1 {[%clk
01:12:46]} {[%emt 00:00:06]} f4 {[%clk 01:12:30]} {[%emt 00:01:36]} 18. Ra7
{[%clk 01:05:34]} {[%emt 00:07:41]} fxg3 {[%clk 01:11:11]} {[%emt 00:01:50]}
19. hxg3 {[%clk 01:05:40]} {[%emt 00:00:24]} Rf8 {[%clk 01:10:08]} {[%emt
00:01:32]} 20. Nde4 {[%clk 00:49:00]} {[%emt 00:17:10]} Rf7 {[%clk 01:02:15]}
{[%emt 00:08:24]} 21. Na4 {[%clk 00:43:48]} {[%emt 00:05:42]} Nf6 {[%clk
00:57:02]} {[%emt 00:05:43]} 22. Ng5 {[%clk 00:33:36]} {[%emt 00:10:43]} Re7
{[%clk 00:54:57]} {[%emt 00:02:34]} 23. Bc3 {[%clk 00:30:25]} {[%emt 00:03:42]}
Nxa4 {[%clk 00:53:42]} {[%emt 00:01:45]} 24. Qxa4 {[%clk 00:30:30]} {[%emt
00:00:25]} b6 {[%clk 00:44:35]} {[%emt 00:09:36]} 25. Ra8 {[%clk 00:28:25]}
{[%emt 00:02:36]} Qf8 {[%clk 00:39:45]} {[%emt 00:05:18]} 26. Rb8 {[%clk
00:20:48]} {[%emt 00:08:08]} e4 {[%clk 00:30:25]} {[%emt 00:09:50]} 27. Bxf6
{[%clk 00:15:34]} {[%emt 00:05:45]} Bxf6 {[%clk 00:27:49]} {[%emt 00:03:05]}
28. Nxe4 {[%clk 00:15:44]} {[%emt 00:00:20]} Be5 {[%clk 00:22:55]} {[%emt
00:05:24]} 29. Rxb6 {[%clk 00:12:56]} {[%emt 00:03:19]} Qh6 {[%clk 00:20:42]}
{[%emt 00:02:41]} 30. e3 {[%clk 00:11:46]} {[%emt 00:01:42]} Bxg3 {[%clk
00:19:54]} {[%emt 00:01:17]} 31. Qa8 {[%clk 00:08:19]} {[%emt 00:03:58]} Re8
{[%clk 00:16:46]} {[%emt 00:03:38]} 32. Nf6+ {[%clk 00:05:51]} {[%emt
00:02:57]} Kf7 {[%clk 00:16:17]} {[%emt 00:00:59]} 33. Nxe8 {[%clk 00:06:10]}
{[%emt 00:00:12]} Qh2+ {[%clk 00:11:08]} {[%emt 00:05:38]} 34. Kf1 {[%clk
00:06:34]} {[%emt 00:00:06]} Bh3 {[%clk 00:10:54]} {[%emt 00:00:43]} 35. Qf3+
{[%clk 00:06:14]} {[%emt 00:00:50]} Kg8 {[%clk 00:10:10]} {[%emt 00:01:14]} 36.
fxg3 {[%clk 00:05:39]} {[%emt 00:01:05]} Qh1+ {[%clk 00:08:59]} {[%emt
00:01:40]} 37. Kf2 {[%clk 00:06:00]} {[%emt 00:00:10]} Bxg2 {[%clk 00:09:03]}
{[%emt 00:00:26]} 38. Qxg2 {[%clk 00:06:24]} {[%emt 00:00:06]} Qd1 {[%clk
00:09:16]} {[%emt 00:00:17]} 39. Qf3 {[%clk 00:06:03]} {[%emt 00:00:51]} 1-0

[Event "DEM U12 2021"]
[Site "Willingen GER"]
[Date "2021.08.26"]
[Round "6"]
[White "Sauer, Tim"]
[Black "Chugunov, Ivan"]
[Result "1-0"]
[Termination "normal"]
[Board "7"]
[WhiteElo "1810"]
[BlackElo "1488"]
[WhiteClock "00:02:44"]
[BlackClock "00:12:38"]
[PlyCount "71"]
[WhiteFideId "16265726"]
[BlackFideId "16256808"]
[EventCountry "GER"]
[EventRounds "9"]
[EventType "swiss"]
[EventDate "2021.08.22"]

1. c4 {[%clk 01:30:58]} {[%emt 00:00:01]} c6 {[%clk 01:30:47]} {[%emt
00:00:14]} 2. Nc3 {[%clk 01:31:20]} {[%emt 00:00:07]} d5 {[%clk 01:31:01]}
{[%emt 00:00:16]} 3. cxd5 {[%clk 01:31:44]} {[%emt 00:00:07]} cxd5 {[%clk
01:31:21]} {[%emt 00:00:09]} 4. d4 {[%clk 01:32:09]} {[%emt 00:00:05]} Nc6
{[%clk 01:31:23]} {[%emt 00:00:28]} 5. e4 {[%clk 01:23:47]} {[%emt 00:08:53]}
Nf6 {[%clk 01:29:56]} {[%emt 00:01:56]} 6. e5 {[%clk 01:24:04]} {[%emt
00:00:13]} Ng8 {[%clk 01:29:58]} {[%emt 00:00:28]} 7. Be3 {[%clk 01:16:38]}
{[%emt 00:07:57]} Bf5 {[%clk 01:28:38]} {[%emt 00:01:49]} 8. Qb3 {[%clk
01:14:44]} {[%emt 00:02:25]} e6 {[%clk 01:19:30]} {[%emt 00:09:38]} 9. Qxb7
{[%clk 01:13:56]} {[%emt 00:01:19]} Qc8 {[%clk 01:18:52]} {[%emt 00:01:07]} 10.
Ba6 {[%clk 01:12:11]} {[%emt 00:02:15]} Nge7 {[%clk 01:17:35]} {[%emt
00:01:46]} 11. Qxc8+ {[%clk 00:56:15]} {[%emt 00:16:26]} Nxc8 {[%clk 01:17:40]}
{[%emt 00:00:25]} 12. Bb5 {[%emt 00:01:16]} N8e7 {[%clk 01:13:23]} {[%emt
00:04:46]} 13. Rc1 {[%clk 00:53:12]} {[%emt 00:02:48]} Kd7 {[%clk 01:11:30]}
{[%emt 00:02:23]} 14. Na4 {[%clk 00:42:21]} {[%emt 00:11:21]} Rc8 {[%clk
01:06:49]} {[%emt 00:05:12]} 15. Nc5+ {[%clk 00:31:40]} {[%emt 00:11:11]} Kc7
{[%clk 01:00:11]} {[%emt 00:07:07]} 16. Bg5 {[%clk 00:28:20]} {[%emt 00:03:50]}
Kb6 {[%clk 00:58:07]} {[%emt 00:02:34]} 17. Be2 {[%clk 00:22:39]} {[%emt
00:06:11]} h6 {[%clk 00:54:31]} {[%emt 00:04:06]} 18. Be3 {[%clk 00:21:24]}
{[%emt 00:01:45]} Bg6 {[%clk 00:50:14]} {[%emt 00:04:47]} 19. Rc3 {[%clk
00:14:31]} {[%emt 00:07:24]} Nf5 {[%clk 00:44:22]} {[%emt 00:06:22]} 20. Nf3
{[%clk 00:07:25]} {[%emt 00:07:36]} Be7 {[%clk 00:35:55]} {[%emt 00:08:56]} 21.
O-O {[%clk 00:06:08]} {[%emt 00:01:47]} Bxc5 {[%clk 00:30:53]} {[%emt
00:05:31]} 22. Rxc5 {[%clk 00:06:05]} {[%emt 00:00:34]} a6 {[%clk 00:30:02]}
{[%emt 00:01:21]} 23. Rfc1 {[%clk 00:05:03]} {[%emt 00:01:33]} Nfe7 {[%clk
00:29:31]} {[%emt 00:01:01]} 24. a3 {[%clk 00:05:17]} {[%emt 00:00:16]} Rb8
{[%clk 00:25:21]} {[%emt 00:04:40]} 25. b4 {[%clk 00:05:28]} {[%emt 00:00:19]}
Rhc8 {[%clk 00:25:40]} {[%emt 00:00:10]} 26. g4 {[%clk 00:05:13]} {[%emt
00:00:45]} Na7 {[%clk 00:22:54]} {[%emt 00:03:16]} 27. Kf1 {[%clk 00:02:39]}
{[%emt 00:03:04]} Nec6 {[%clk 00:21:18]} {[%emt 00:02:05]} 28. Ke1 {[%clk
00:02:48]} {[%emt 00:00:22]} a5 {[%clk 00:19:09]} {[%emt 00:02:40]} 29. b5
{[%clk 00:03:06]} {[%emt 00:00:11]} Ne7 {[%clk 00:19:15]} {[%emt 00:00:24]} 30.
a4 {[%clk 00:03:23]} {[%emt 00:00:13]} Rb7 {[%clk 00:17:59]} {[%emt 00:01:46]}
31. Nd2 {[%clk 00:03:12]} {[%emt 00:00:41]} Rbc7 {[%clk 00:13:14]} {[%emt
00:05:15]} 32. Nb3 {[%clk 00:03:24]} {[%emt 00:00:19]} Rxc5 {[%emt 00:01:09]}
33. dxc5+ {[%clk 00:02:30]} {[%emt 00:01:20]} Kb7 {[%clk 00:12:44]} {[%emt
00:00:24]} 34. Nxa5+ {[%clk 00:02:46]} {[%emt 00:00:14]} Kb8 {[%clk 00:12:46]}
{[%emt 00:00:28]} 35. Nb3 {[%clk 00:02:42]} {[%emt 00:00:34]} Rd8 {[%clk
00:12:38]} {[%emt 00:00:38]} 36. Bd4 {[%clk 00:02:44]} {[%emt 00:00:29]} 1-0

[Event "DEM U12 2021"]
[Site "Willingen GER"]
[Date "2021.08.26"]
[Round "6"]
[White "Uyar, Levin"]
[Black "Neuhoff, Laertes"]
[Result "0-1"]
[Termination "normal"]
[Board "8"]
[WhiteElo "1048"]
[BlackElo "1847"]
[WhiteClock "00:36:10"]
[BlackClock "00:12:05"]
[PlyCount "64"]
[WhiteFideId "16282108"]
[BlackFideId "16279719"]
[EventCountry "GER"]
[EventRounds "9"]
[EventType "swiss"]
[EventDate "2021.08.22"]

1. e4 {[%clk 01:30:57]} {[%emt 00:00:03]} e5 {[%clk 01:30:53]} {[%emt
00:00:07]} 2. Nf3 {[%clk 01:31:16]} {[%emt 00:00:11]} Nc6 {[%clk 01:31:12]}
{[%emt 00:00:11]} 3. Bb5 {[%clk 01:31:07]} {[%emt 00:00:40]} a6 {[%clk
01:31:25]} {[%emt 00:00:17]} 4. Ba4 {[%clk 01:31:25]} {[%emt 00:00:10]} Nf6
{[%clk 01:31:31]} {[%emt 00:00:25]} 5. d4 {[%clk 01:31:04]} {[%emt 00:00:52]}
exd4 {[%clk 01:31:36]} {[%emt 00:00:24]} 6. O-O {[%clk 01:31:08]} {[%emt
00:00:27]} Be7 {[%clk 01:31:24]} {[%emt 00:00:42]} 7. e5 {[%clk 01:31:20]}
{[%emt 00:00:17]} Ne4 {[%clk 01:28:45]} {[%emt 00:03:08]} 8. Nxd4 {[%clk
01:31:12]} {[%emt 00:00:39]} Nc5 {[%clk 01:20:26]} {[%emt 00:08:50]} 9. Bxc6
{[%clk 01:25:56]} {[%emt 00:05:44]} dxc6 {[%clk 01:18:00]} {[%emt 00:02:58]}
10. Nc3 {[%clk 01:24:09]} {[%emt 00:02:17]} O-O {[%clk 01:12:17]} {[%emt
00:06:12]} 11. Re1 {[%clk 01:18:42]} {[%emt 00:05:57]} Re8 {[%clk 01:07:53]}
{[%emt 00:04:54]} 12. a3 {[%clk 01:15:31]} {[%emt 00:03:42]} Bf8 {[%clk
01:01:20]} {[%emt 00:07:04]} 13. b4 {[%clk 00:53:15]} {[%emt 00:22:44]} Ne6
{[%clk 00:55:33]} {[%emt 00:06:16]} 14. Nxe6 {[%clk 00:53:00]} {[%emt
00:00:46]} Qxd1 {[%clk 00:52:49]} {[%emt 00:03:15]} 15. Rxd1 {[%clk 00:52:59]}
{[%emt 00:00:30]} Bxe6 {[%clk 00:52:25]} {[%emt 00:00:55]} 16. Bf4 {[%clk
00:52:53]} {[%emt 00:00:35]} Bf5 {[%clk 00:51:33]} {[%emt 00:01:22]} 17. Rd2
{[%clk 00:52:54]} {[%emt 00:00:29]} Rad8 {[%clk 00:44:20]} {[%emt 00:07:43]}
18. Rad1 {[%clk 00:52:41]} {[%emt 00:00:43]} Rxd2 {[%clk 00:42:57]} {[%emt
00:01:53]} 19. Rxd2 {[%clk 00:52:59]} {[%emt 00:00:12]} a5 {[%clk 00:38:00]}
{[%emt 00:05:28]} 20. Na2 {[%clk 00:50:57]} {[%emt 00:02:30]} f6 {[%clk
00:36:40]} {[%emt 00:01:51]} 21. Re2 {[%clk 00:50:15]} {[%emt 00:01:11]} axb4
{[%clk 00:18:28]} {[%emt 00:18:43]} 22. Nxb4 {[%clk 00:48:29]} {[%emt
00:02:17]} Bd6 {[%clk 00:17:46]} {[%emt 00:01:12]} 23. Nd3 {[%clk 00:47:02]}
{[%emt 00:01:57]} Bxa3 {[%clk 00:15:35]} {[%emt 00:02:41]} 24. Re3 {[%clk
00:45:01]} {[%emt 00:02:31]} fxe5 {[%clk 00:14:14]} {[%emt 00:01:51]} 25. Bxe5
{[%clk 00:43:16]} {[%emt 00:02:14]} Bxd3 {[%clk 00:13:07]} {[%emt 00:01:38]}
26. cxd3 {[%clk 00:43:29]} {[%emt 00:00:16]} Bd6 {[%clk 00:12:28]} {[%emt
00:01:09]} 27. f4 {[%clk 00:41:29]} {[%emt 00:02:30]} Bc5 {[%clk 00:11:41]}
{[%emt 00:01:18]} 28. d4 {[%clk 00:41:45]} {[%emt 00:00:13]} Rxe5 {[%clk
00:10:34]} {[%emt 00:01:38]} 29. fxe5 {[%clk 00:35:07]} {[%emt 00:07:07]} Bxd4
{[%clk 00:11:03]} {[%emt 00:00:02]} 30. Kf2 {[%clk 00:35:26]} {[%emt 00:00:10]}
Bxe3+ {[%clk 00:11:14]} {[%emt 00:00:20]} 31. Kxe3 {[%clk 00:35:49]} {[%emt
00:00:05]} Kf7 {[%clk 00:11:40]} {[%emt 00:00:05]} 32. Kd4 {[%clk 00:36:10]}
{[%emt 00:00:09]} Ke6 {[%clk 00:12:05]} {[%emt 00:00:06]} 0-1

[Event "DEM U12 2021"]
[Site "Willingen GER"]
[Date "2021.08.26"]
[Round "6"]
[White "Klaska, Philipp Leon"]
[Black "Herrmann, Jakob"]
[Result "1-0"]
[Termination "normal"]
[Board "9"]
[WhiteElo "1742"]
[BlackElo "1531"]
[WhiteClock "00:07:10"]
[BlackClock "00:40:48"]
[PlyCount "71"]
[WhiteFideId "16238044"]
[BlackFideId "16287169"]
[EventCountry "GER"]
[EventRounds "9"]
[EventType "swiss"]
[EventDate "2021.08.22"]

1. e4 {[%clk 01:30:57]} {[%emt 00:00:03]} c6 {[%clk 01:30:40]} {[%emt
00:00:21]} 2. d4 {[%clk 01:31:11]} {[%emt 00:00:15]} d5 {[%clk 01:31:06]}
{[%emt 00:00:04]} 3. Nc3 {[%clk 01:31:37]} {[%emt 00:00:04]} dxe4 {[%clk
01:31:35]} {[%emt 00:00:02]} 4. Nxe4 {[%clk 01:31:51]} {[%emt 00:00:16]} Bf5
{[%clk 01:32:01]} {[%emt 00:00:03]} 5. Ng3 {[%clk 01:31:35]} {[%emt 00:00:46]}
Bg6 {[%clk 01:32:30]} {[%emt 00:00:02]} 6. h4 {[%clk 01:31:49]} {[%emt
00:00:15]} h6 {[%clk 01:32:55]} {[%emt 00:00:05]} 7. Nf3 {[%clk 01:32:00]}
{[%emt 00:00:19]} Nd7 {[%clk 01:33:18]} {[%emt 00:00:07]} 8. h5 {[%clk
01:31:42]} {[%emt 00:00:49]} Bh7 {[%clk 01:33:43]} {[%emt 00:00:05]} 9. Bd3
{[%clk 01:31:51]} {[%emt 00:00:20]} Bxd3 {[%clk 01:34:12]} {[%emt 00:00:02]}
10. Qxd3 {[%clk 01:32:15]} {[%emt 00:00:06]} Ngf6 {[%clk 01:34:22]} {[%emt
00:00:19]} 11. Bd2 {[%clk 01:31:51]} {[%emt 00:00:54]} e6 {[%clk 01:34:37]}
{[%emt 00:00:15]} 12. O-O-O {[%clk 01:31:07]} {[%emt 00:01:15]} Be7 {[%clk
01:34:09]} {[%emt 00:00:58]} 13. Kb1 {[%clk 01:22:46]} {[%emt 00:08:50]} Qc7
{[%clk 01:22:53]} {[%emt 00:11:47]} 14. Qe2 {[%clk 01:17:33]} {[%emt 00:05:42]}
O-O-O {[%clk 01:21:00]} {[%emt 00:02:24]} 15. Ne5 {[%clk 01:12:00]} {[%emt
00:06:03]} Nxe5 {[%clk 01:20:28]} {[%emt 00:01:02]} 16. dxe5 {[%clk 01:10:52]}
{[%emt 00:01:37]} Nd5 {[%clk 01:17:41]} {[%emt 00:03:17]} 17. f4 {[%clk
01:02:13]} {[%emt 00:09:07]} Qb6 {[%clk 01:14:53]} {[%emt 00:03:20]} 18. Ne4
{[%clk 00:51:53]} {[%emt 00:10:49]} Ba3 {[%clk 01:12:24]} {[%emt 00:03:00]} 19.
b3 {[%clk 00:48:34]} {[%emt 00:03:49]} Qd4 {[%clk 01:12:26]} {[%emt 00:00:29]}
20. c3 {[%clk 00:44:04]} {[%emt 00:04:59]} Qb6 {[%clk 01:11:49]} {[%emt
00:01:07]} 21. g3 {[%clk 00:38:01]} {[%emt 00:06:32]} a5 {[%clk 01:05:42]}
{[%emt 00:06:38]} 22. Bc1 {[%clk 00:32:18]} {[%emt 00:06:09]} Be7 {[%clk
01:01:13]} {[%emt 00:05:03]} 23. c4 {[%clk 00:27:38]} {[%emt 00:05:10]} Nc7
{[%clk 00:59:03]} {[%emt 00:02:40]} 24. Be3 {[%clk 00:24:06]} {[%emt 00:04:00]}
Qb4 {[%clk 00:57:46]} {[%emt 00:01:50]} 25. Bd2 {[%clk 00:19:13]} {[%emt
00:05:21]} Qa3 {[%clk 00:49:31]} {[%emt 00:08:46]} 26. Bc3 {[%clk 00:16:28]}
{[%emt 00:03:14]} a4 {[%clk 00:49:05]} {[%emt 00:00:57]} 27. Qb2 {[%clk
00:14:47]} {[%emt 00:02:10]} Qxb2+ {[%clk 00:48:07]} {[%emt 00:01:30]} 28. Kxb2
{[%clk 00:14:12]} {[%emt 00:01:05]} axb3 {[%clk 00:46:37]} {[%emt 00:01:59]}
29. axb3 {[%clk 00:14:24]} {[%emt 00:00:18]} Rxd1 {[%clk 00:45:08]} {[%emt
00:01:59]} 30. Rxd1 {[%clk 00:14:43]} {[%emt 00:00:10]} Rd8 {[%clk 00:45:30]}
{[%emt 00:00:08]} 31. Rxd8+ {[%clk 00:12:47]} {[%emt 00:02:27]} Kxd8 {[%clk
00:45:43]} {[%emt 00:00:17]} 32. Nd6 {[%clk 00:10:19]} {[%emt 00:02:57]} Bxd6
{[%clk 00:45:52]} {[%emt 00:00:22]} 33. exd6 {[%clk 00:10:40]} {[%emt
00:00:09]} Ne8 {[%clk 00:46:14]} {[%emt 00:00:08]} 34. c5 {[%clk 00:10:08]}
{[%emt 00:01:03]} g6 {[%clk 00:45:48]} {[%emt 00:00:56]} 35. g4 {[%clk
00:08:39]} {[%emt 00:01:58]} Kc8 {[%clk 00:40:48]} {[%emt 00:05:30]} 36. g5
{[%clk 00:07:10]} {[%emt 00:01:59]} 1-0

[Event "DEM U12 2021"]
[Site "Willingen GER"]
[Date "2021.08.26"]
[Round "6"]
[White "Burkart, Lloyd Shang"]
[Black "Nönnig, Jakob"]
[Result "1/2-1/2"]
[Termination "normal"]
[Board "10"]
[WhiteElo "1569"]
[BlackElo "1442"]
[WhiteClock "00:26:07"]
[BlackClock "00:29:28"]
[PlyCount "43"]
[WhiteFideId "16239059"]
[BlackFideId "16289447"]
[EventCountry "GER"]
[EventRounds "9"]
[EventType "swiss"]
[EventDate "2021.08.22"]

1. d4 {[%clk 01:30:59]} d5 {[%clk 01:30:53]} {[%emt 00:00:07]} 2. c4 {[%clk
01:31:26]} {[%emt 00:00:03]} e6 {[%clk 01:31:12]} {[%emt 00:00:11]} 3. Nf3
{[%clk 01:31:54]} {[%emt 00:00:03]} Nf6 {[%clk 01:31:12]} {[%emt 00:00:30]} 4.
g3 {[%clk 01:32:20]} {[%emt 00:00:04]} Be7 {[%clk 01:30:29]} {[%emt 00:01:13]}
5. Bg2 {[%clk 01:32:47]} {[%emt 00:00:03]} c6 {[%clk 01:30:19]} {[%emt
00:00:40]} 6. Qc2 {[%clk 01:33:11]} {[%emt 00:00:06]} b6 {[%clk 01:29:31]}
{[%emt 00:01:17]} 7. O-O {[%clk 01:33:29]} {[%emt 00:00:12]} O-O {[%clk
01:29:24]} {[%emt 00:00:37]} 8. Nbd2 {[%clk 01:33:56]} {[%emt 00:00:04]} Nbd7
{[%clk 01:29:12]} {[%emt 00:00:41]} 9. e4 {[%clk 01:34:18]} {[%emt 00:00:09]}
Bb7 {[%clk 01:22:51]} {[%emt 00:06:51]} 10. Rd1 {[%clk 01:28:23]} {[%emt
00:06:24]} Rc8 {[%clk 01:19:42]} {[%emt 00:03:40]} 11. e5 {[%clk 01:24:43]}
{[%emt 00:04:10]} Ne8 {[%clk 01:17:44]} {[%emt 00:02:28]} 12. b3 {[%clk
01:19:09]} {[%emt 00:06:04]} c5 {[%clk 01:13:42]} {[%emt 00:04:32]} 13. Bb2
{[%clk 01:08:53]} {[%emt 00:10:46]} Nc7 {[%clk 01:07:21]} {[%emt 00:06:51]} 14.
Rac1 {[%clk 01:05:57]} {[%emt 00:03:26]} Re8 {[%clk 01:05:37]} {[%emt
00:02:13]} 15. Qb1 {[%clk 00:59:09]} {[%emt 00:07:18]} Na6 {[%clk 01:00:23]}
{[%emt 00:05:45]} 16. h4 {[%clk 00:54:42]} {[%emt 00:04:56]} Rc7 {[%clk
00:58:25]} {[%emt 00:02:29]} 17. Bh3 {[%clk 00:46:31]} {[%emt 00:08:41]} h6
{[%clk 00:55:42]} {[%emt 00:03:13]} 18. Ne1 {[%clk 00:42:37]} {[%emt 00:04:24]}
Qa8 {[%clk 00:48:18]} {[%emt 00:07:54]} 19. Bg2 {[%clk 00:36:24]} {[%emt
00:06:42]} Rec8 {[%clk 00:40:47]} {[%emt 00:08:01]} 20. Bc3 {[%clk 00:30:26]}
{[%emt 00:06:29]} cxd4 {[%clk 00:30:11]} {[%emt 00:11:07]} 21. Bxd4 {[%clk
00:30:41]} {[%emt 00:00:13]} Bc5 {[%clk 00:29:28]} {[%emt 00:01:14]} 22. Qb2
{[%clk 00:26:07]} {[%emt 00:05:04]} 1/2-1/2